Multiple Choice City Quiz - Chongqing - Statistics

General Stats
  • This quiz has been taken 62 times
  • The average score is 6 of 10
Answer Stats
Question Answer % Correct
Chongqing's monorail is famous for: Passing through a residential building
82%
What major river runs through Chongqing? Yangtze River
82%
What is the name of the major dam project near Chongqing? Three Gorges Dam
73%
Chongqing is famous for which spicy dish? Hot pot
68%
Chongqing was once the capital of China during: World War II
64%
Chongqing is also known for its frequent: Fog
59%
Chongqing is known by what nickname? Mountain City
59%
Chongqing is a megacity with how many people in its urban area? 23 million
50%
What was Chongqing formerly known as during ancient times? Yuzhou
36%
The Chongqing region is historically known for producing which kind of product? Salt
18%
No matching quizzes found
Score Distribution
Percent of People with Each Score
Percentile by Number Answered
Your Score History
You have not taken this quiz